000 00259nam a2200109Ia 4500
008 190216s9999||||xx |||||||||||||| ||und||
100 _aMahajan Vd
245 0 _aHistory Of Modern Europe Since 1870
260 _bS Chand & Co
650 _aHistory
942 _cBK
999 _c19456
_d19456